Назовите виды диких кошек - Statistics

General Stats
  • This quiz has been taken 393 times
  • The average score is 12 of 41
Answer Stats
Hint Answer % Correct
Большие кошки тигр
97%
Большие кошки лев
95%
Большие кошки леопард
84%
Большие кошки дымчатый леопард
83%
Большие кошки калимантанский дымчатый леопард
83%
Малые кошки гепард
81%
Малые кошки канадская рысь
67%
Малые кошки обыкновенная рысь
67%
Малые кошки пиренейская рысь
67%
Малые кошки рыжая рысь
67%
Малые кошки пума
66%
Большие кошки ягуар
54%
Малые кошки манул
51%
Большие кошки снежный барс (ирбис)
49%
Малые кошки каракал
29%
Малые кошки оцелот
27%
Малые кошки сервал
23%
Малые кошки камышовый кот
13%
Малые кошки дальневосточный лесной кот
13%
Малые кошки бенгальская кошка
8%
Малые кошки лесная кошка
7%
Малые кошки ягуарунди
5%
Малые кошки черноногая кошка
4%
Малые кошки китайская кошка (гобийская серая кошка)
3%
Малые кошки барханная кошка
3%
Малые кошки степная кошка
3%
Малые кошки кошка-рыболов
3%
Малые кошки калимантанская кошка
2%
Малые кошки азиатская золотистая кошка (кошка Темминка)
2%
Малые кошки пампасская кошка
2%
Малые кошки чилийская кошка (кодкод)
2%
Малые кошки онцилла
2%
Малые кошки мраморная кошка
2%
Малые кошки золотая кошка
2%
Малые кошки травяная кошка
1%
Малые кошки кошка Жоффруа
1%
Малые кошки андская кошка
1%
Малые кошки длиннохвостая кошка (марги, маргай)
1%
Малые кошки ириомотская кошка
1%
Малые кошки суматранская кошка
1%
Малые кошки пятнисто-рыжая кошка
1%
No matching quizzes found
Score Distribution
Percent of People with Each Score
Percentile by Number Answered
Your Score History
You have not taken this quiz